[Event "52nd National Challengers (National â€˜Bâ€™) Chess Cha"]
[Site "Indoor Stadium,Dharamshala,Himachal Pradesh,India"]
[Date "2014.05.15"]
[Round "9"]
[Board "12"]
[White "Patil, Pratik"]
[Black "Debashis, Das"]
[Result "1/2-1/2"]
[WhiteElo "2259"]
[BlackElo "2501"]
[PlyCount "85"]
[EventDate "2014.05.09"]
[EventRounds "13"]
[EventCountry "IND"]

1. e4 e5 2. Nf3 Nc6 3. d4 exd4 4. Nxd4 Nf6 5. Nxc6 bxc6 6. e5 Qe7 7. Qe2 Nd5 8.
c4 Nb6 9. Nc3 a5 10. Qe4 Qe6 11. Bd3 Bb4 12. Bd2 Rb8 13. b3 d5 14. exd6 cxd6
15. O-O Qxe4 16. Nxe4 Bxd2 17. Nxd2 O-O 18. Rfe1 Rd8 19. Nf3 c5 20. Re7 Rb7 21.
Rae1 Kf8 22. R7e2 Bg4 23. Be4 Re7 24. h3 Bxf3 25. Bxf3 Rxe2 26. Rxe2 Nd7 27.
Kf1 g6 28. Bd5 Nf6 29. Bf3 h5 30. Ke1 Re8 31. Rxe8+ Kxe8 32. Kd2 Ke7 33. Ke3
Nd7 34. Bd5 Kf6 35. f4 Ke7 36. g4 hxg4 37. hxg4 Nf6 38. g5 Nd7 39. Ke4 Nf8 40.
Ke3 Ne6 41. Ke4 Nd4 42. Kd3 Ke8 43. Kd2 1/2-1/2

[Event "52nd National Challengers (National â€˜Bâ€™) Chess Cha"]
[Site "Indoor Stadium,Dharamshala,Himachal Pradesh,India"]
[Date "2014.05.15"]
[Round "9"]
[Board "13"]
[White "Ramnathan, Balasubramaniam"]
[Black "Kunte, Abhijit"]
[Result "0-1"]
[WhiteElo "2254"]
[BlackElo "2484"]
[PlyCount "72"]
[EventDate "2014.05.09"]
[EventRounds "13"]
[EventCountry "IND"]

1. d4 Nf6 2. c4 e6 3. Nf3 b6 4. g3 Ba6 5. Qa4 Bb7 6. Bg2 c5 7. O-O cxd4 8. Nxd4
Bxg2 9. Kxg2 Qc8 10. Nc3 Be7 11. Bf4 O-O 12. Rfd1 a6 13. Rac1 Qb7+ 14. Kg1 Rc8
15. Nf3 Nc6 16. Bd6 Bxd6 17. Rxd6 h6 18. Rcd1 Rc7 19. R1d2 Rac8 20. b4 Ne7 21.
c5 bxc5 22. b5 axb5 23. Nxb5 Ne4 24. Nxc7 Nxd2 25. Nxd2 Rxc7 26. Nc4 Nc8 27.
Ra6 Qb1+ 28. Kg2 Qe4+ 29. Kg1 Qxe2 30. Ra8 Qe1+ 31. Kg2 Qe4+ 32. Kh3 Kh7 33.
Qa5 Qxc4 34. Qxc7 Qf1+ 35. Kg4 f5+ 36. Kf4 Qxf2+ 0-1

[Event "52nd National Challengers (National â€˜Bâ€™) Chess Cha"]
[Site "Indoor Stadium,Dharamshala,Himachal Pradesh,India"]
[Date "2014.05.15"]
[Round "9"]
[Board "14"]
[White "Navalgund, Niranjan"]
[Black "Thejkumar, M. S."]
[Result "1/2-1/2"]
[WhiteElo "2200"]
[BlackElo "2460"]
[PlyCount "50"]
[EventDate "2014.05.09"]
[EventRounds "13"]
[EventCountry "IND"]

1. d4 d5 2. Nf3 Nf6 3. c4 e6 4. g3 Be7 5. Bg2 O-O 6. O-O dxc4 7. Qc2 a6 8. a4
Nbd7 9. Qxc4 Bd6 10. Rd1 Qe7 11. Nc3 e5 12. Bg5 exd4 13. Nd5 Qd8 14. Rxd4 h6
15. Nxf6+ Nxf6 16. Bf4 Be6 17. Qc2 Qe7 18. Bxd6 cxd6 19. e4 d5 20. exd5 Nxd5
21. Qd2 Nf6 22. Re1 Qc7 23. Rc1 Qe7 24. Re1 Qc7 25. Rc1 Qe7 1/2-1/2

[Event "52nd National Challengers (National â€˜Bâ€™) Chess Cha"]
[Site "Indoor Stadium,Dharamshala,Himachal Pradesh,India"]
[Date "2014.05.15"]
[Round "9"]
[Board "15"]
[White "Swapnil, S. Dhopade"]
[Black "Abhishek, A"]
[Result "0-1"]
[WhiteElo "2434"]
[BlackElo "2123"]
[PlyCount "94"]
[EventDate "2014.05.09"]
[EventRounds "13"]
[EventCountry "IND"]

1. d4 Nf6 2. c4 g6 3. Nc3 Bg7 4. e4 d6 5. Nf3 O-O 6. h3 Nbd7 7. Bg5 e5 8. d5 h6
9. Be3 Ne8 10. g4 Qe7 11. Rg1 c6 12. h4 cxd5 13. cxd5 Ndf6 14. Nh2 h5 15. g5
Ng4 16. Nxg4 Bxg4 17. Be2 Bxe2 18. Qxe2 Nc7 19. O-O-O Qd7 20. Kb1 b5 21. Rc1 b4
22. Nd1 Nb5 23. f3 a5 24. Nf2 Rfb8 25. Rc6 Bf8 26. Qc4 Be7 27. Bb6 Bd8 28. Be3
a4 29. Ka1 Ba5 30. Rh1 b3 31. a3 Bc3 32. Rc1 Bd4 33. Bxd4 Nxd4 34. Rc7 Qe8 35.
Nd3 Nxf3 36. Nb4 Nd2 37. Qd3 Rxb4 38. axb4 a3 39. Qxd2 axb2+ 40. Kxb2 Ra2+ 41.
Kc3 Rxd2 42. Kxd2 Qa4 43. Rb7 Qa2+ 44. Ke3 Qa6 45. Rb8+ Kg7 46. Kd2 Qa2+ 47.
Kd3 b2 0-1

[Event "52nd National Challengers (National â€˜Bâ€™) Chess Cha"]
[Site "Indoor Stadium,Dharamshala,Himachal Pradesh,India"]
[Date "2014.05.16"]
[Round "10"]
[Board "1"]
[White "Vidit, Santosh Gujrathi"]
[Black "Shyam, Nikil P."]
[Result "1/2-1/2"]
[WhiteElo "2606"]
[BlackElo "2422"]
[PlyCount "43"]
[EventDate "2014.05.09"]
[EventRounds "13"]
[EventCountry "IND"]

1. d4 Nf6 2. c4 e6 3. Nf3 b6 4. g3 Ba6 5. b3 b5 6. cxb5 Bxb5 7. Bg2 Bb4+ 8. Bd2
a5 9. a3 Bxd2+ 10. Qxd2 O-O 11. Nc3 Bc6 12. Qc2 Qc8 13. O-O Qb7 14. Rfe1 Ne4
15. Na4 d6 16. Rec1 Rc8 17. Ne1 Ra6 18. Qd3 f5 19. Qe3 Re8 20. Rab1 Nf6 21. Bf3
h6 22. h3 1/2-1/2

[Event "52nd National Challengers (National â€˜Bâ€™) Chess Cha"]
[Site "Indoor Stadium,Dharamshala,Himachal Pradesh,India"]
[Date "2014.05.16"]
[Round "10"]
[Board "2"]
[White "Deepan, Chakkravarthy J."]
[Black "Rajesh, V A V"]
[Result "1-0"]
[WhiteElo "2513"]
[BlackElo "2382"]
[PlyCount "81"]
[EventDate "2014.05.09"]
[EventRounds "13"]
[EventCountry "IND"]

1. d4 Nf6 2. c4 g6 3. Nf3 Bg7 4. g3 O-O 5. Bg2 d5 6. cxd5 Nxd5 7. O-O c5 8.
dxc5 Na6 9. c6 bxc6 10. a3 Rb8 11. e4 Ndc7 12. Qc2 Ne6 13. Nc3 Nac5 14. Rd1 Qc7
15. Be3 a5 16. Rab1 Rd8 17. Rxd8+ Qxd8 18. Rd1 Qc7 19. Bf1 Ba6 20. Bxa6 Nxa6
21. Na4 c5 22. h4 Qc6 23. Ng5 Nac7 24. b3 Rc8 25. Nxc5 Nxg5 26. hxg5 Nb5 27. a4
Nc3 28. Rd7 Be5 29. Bd4 Nxa4 30. bxa4 Bd6 31. Qc3 Bxc5 32. Rd5 Bxd4 33. Rd8+
Rxd8 34. Qxc6 e5 35. Qc7 Ra8 36. Kg2 Ra7 37. Qd8+ Kg7 38. f4 Ra6 39. f5 gxf5
40. exf5 h6 41. f6+ 1-0

[Event "52nd National Challengers (National â€˜Bâ€™) Chess Cha"]
[Site "Indoor Stadium,Dharamshala,Himachal Pradesh,India"]
[Date "2014.05.16"]
[Round "10"]
[Board "3"]
[White "Grover, Sahaj"]
[Black "Lokesh, P."]
[Result "1-0"]
[WhiteElo "2469"]
[BlackElo "2253"]
[PlyCount "51"]
[EventDate "2014.05.09"]
[EventRounds "13"]
[EventCountry "IND"]

1. d4 Nf6 2. c4 e6 3. Nc3 Bb4 4. Bg5 h6 5. Bh4 c5 6. d5 d6 7. e3 O-O 8. Nf3
Bxc3+ 9. bxc3 e5 10. Qc2 Re8 11. Nd2 Nbd7 12. Bd3 Qc7 13. O-O g5 14. Bg3 Nf8
15. f4 Ng4 16. Rae1 Qd8 17. h3 exf4 18. Bxf4 Ne5 19. Bh2 Nxd3 20. Qxd3 Qe7 21.
e4 f6 22. e5 dxe5 23. g4 h5 24. Ne4 Nh7 25. Nxf6+ Nxf6 26. Rxe5 1-0

[Event "52nd National Challengers (National â€˜Bâ€™) Chess Cha"]
[Site "Indoor Stadium,Dharamshala,Himachal Pradesh,India"]
[Date "2014.05.16"]
[Round "10"]
[Board "4"]
[White "Sethuraman, S.P."]
[Black "Karthikeyan, P."]
[Result "0-1"]
[WhiteElo "2582"]
[BlackElo "2380"]
[PlyCount "57"]
[EventDate "2014.05.09"]
[EventRounds "13"]
[EventCountry "IND"]

1. d4 d5 2. c4 c6 3. Nf3 Nf6 4. e3 g6 5. Nc3 Bg7 6. Be2 O-O 7. O-O b6 8. Qc2
Bb7 9. e4 dxe4 10. Nxe4 Nbd7 11. Bf4 Nh5 12. Be3 Qc7 13. c5 Nf4 14. Bc4 Nd5 15.
Bg5 bxc5 16. Rfe1 e6 17. dxc5 a5 18. Rac1 Ba6 19. Bxd5 cxd5 20. Nd6 e5 21. Be7
Rfb8 22. Ng5 Nxc5 23. Qxc5 Qxe7 24. Ngxf7 Bb7 25. Qc7 Qxc7 26. Rxc7 Ba6 27.
Nxe5 Rxb2 28. f4 d4 29. Ng4 0-1

[Event "52nd National Challengers (National â€˜Bâ€™) Chess Cha"]
[Site "Indoor Stadium,Dharamshala,Himachal Pradesh,India"]
[Date "2014.05.16"]
[Round "10"]
[Board "5"]
[White "Anurag, Mhamal"]
[Black "Sengupta, Deep"]
[Result "0-1"]
[WhiteElo "2420"]
[BlackElo "2536"]
[PlyCount "84"]
[EventDate "2014.05.09"]
[EventRounds "13"]
[EventCountry "IND"]

1. Nf3 d5 2. d4 Nf6 3. c4 c6 4. cxd5 cxd5 5. g3 Nc6 6. Bg2 Bf5 7. O-O e6 8. Nc3
Be7 9. Bf4 O-O 10. Rc1 a6 11. Na4 Rc8 12. a3 Ne4 13. b4 g5 14. Be3 Bf6 15. Nc5
Nd6 16. h3 Qe7 17. Qb3 h6 18. Rfd1 Rc7 19. Nd3 Rfc8 20. Nfe5 Nb5 21. Qb2 Nbxd4
22. Bxd4 Nxd4 23. Rxc7 Qxc7 24. Qxd4 Bxd3 25. Qxd3 Qxe5 26. a4 Rc3 27. Qd2 Qc7
28. Rb1 Qc4 29. Qd1 Rc2 30. Bf1 Kg7 31. b5 a5 32. b6 Qc3 33. Rb5 Rc1 34. Qd3
Qa1 35. e3 Qxa4 36. Kg2 Qa2 37. Be2 Qa1 38. Bh5 Rg1+ 39. Kf3 Rd1 40. Qc2 Rc1
41. Qd2 a4 42. Qa5 Rc2 0-1

[Event "52nd National Challengers (National â€˜Bâ€™) Chess Cha"]
[Site "Indoor Stadium,Dharamshala,Himachal Pradesh,India"]
[Date "2014.05.16"]
[Round "10"]
[Board "6"]
[White "Kunte, Abhijit"]
[Black "Harsha, Bharathakoti"]
[Result "1-0"]
[WhiteElo "2484"]
[BlackElo "2279"]
[PlyCount "73"]
[EventDate "2014.05.09"]
[EventRounds "13"]
[EventCountry "IND"]

1. Nf3 c5 2. g3 Nc6 3. Bg2 e5 4. c4 g6 5. Nc3 Bg7 6. O-O Nge7 7. Ne1 a6 8. Nc2
Rb8 9. d3 b5 10. Rb1 b4 11. Ne4 d6 12. Bg5 h6 13. Bf6 O-O 14. f4 Bf5 15. fxe5
Nxe5 16. Ne3 Bxf6 17. Nxf6+ Kg7 18. g4 Be6 19. h3 Ng8 20. Nfd5 Qg5 21. Nf4 Nf6
22. Qe1 Ned7 23. Rf3 Ne5 24. Rf1 Ned7 25. Rf3 h5 26. h4 Qe5 27. g5 Ng4 28. Qg3
Rbe8 29. Kh1 f6 30. gxf6+ Rxf6 31. Rbf1 Qxb2 32. Bh3 Qe5 33. Nxg4 hxg4 34. Bxg4
Bxg4 35. Qxg4 Re7 36. Rg1 Ree6 37. Nh5+ 1-0

[Event "52nd National Challengers (National â€˜Bâ€™) Chess Cha"]
[Site "Indoor Stadium,Dharamshala,Himachal Pradesh,India"]
[Date "2014.05.16"]
[Round "10"]
[Board "7"]
[White "Sharma, Dinesh K."]
[Black "Karthikeyan, Murali"]
[Result "1/2-1/2"]
[WhiteElo "2372"]
[BlackElo "2475"]
[PlyCount "77"]
[EventDate "2014.05.09"]
[EventRounds "13"]
[EventCountry "IND"]

1. e4 c5 2. Nf3 e6 3. d4 cxd4 4. Nxd4 a6 5. Bd3 Nf6 6. O-O d6 7. c4 Be7 8. b3
O-O 9. Nd2 Nc6 10. Bb2 Bd7 11. Qe2 Re8 12. Kh1 Nxd4 13. Bxd4 e5 14. Bc3 Bg4 15.
f3 Be6 16. Rfd1 Rc8 17. Nf1 Nd7 18. Ne3 g6 19. Be1 Qc7 20. a4 Nc5 21. Bc2 a5
22. Nd5 Bxd5 23. Rxd5 b6 24. Bf2 Ne6 25. g3 Bf6 26. Rad1 Nd4 27. Bxd4 exd4 28.
Kg2 Qb8 29. Bd3 Rc5 30. Qd2 Qc7 31. Re1 Kg7 32. Qf2 h5 33. h4 Rxd5 34. exd5
Rxe1 35. Qxe1 Qc5 36. f4 Qa3 37. Qd1 Qb2+ 38. Qc2 Qxc2+ 39. Bxc2 1/2-1/2

[Event "52nd National Challengers (National â€˜Bâ€™) Chess Cha"]
[Site "Indoor Stadium,Dharamshala,Himachal Pradesh,India"]
[Date "2014.05.16"]
[Round "10"]
[Board "8"]
[White "Himanshu, Sharma"]
[Black "Vishnu, Prasanna. V"]
[Result "1-0"]
[WhiteElo "2350"]
[BlackElo "2467"]
[PlyCount "117"]
[EventDate "2014.05.09"]
[EventRounds "13"]
[EventCountry "IND"]

1. e4 c5 2. Nc3 a6 3. Nge2 e6 4. g3 b5 5. Bg2 Bb7 6. d4 cxd4 7. Nxd4 Nf6 8. a3
Qc7 9. O-O d6 10. Re1 Nbd7 11. Bg5 h6 12. Bd2 Be7 13. a4 b4 14. Na2 Nc5 15.
Bxb4 Ncxe4 16. Qd3 Nc5 17. Bxc5 dxc5 18. Nb5 Qb8 19. Bxb7 Qxb7 20. Nd6+ Bxd6
21. Qxd6 Ne4 22. Rxe4 Qxe4 23. Nc3 Qb7 24. Rd1 Rc8 25. Nd5 h5 26. h4 Qxd5 27.
Rxd5 exd5 28. Qe5+ Kf8 29. Qd6+ Kg8 30. Qxa6 Kh7 31. Qd3+ g6 32. Qxd5 Rc7 33.
b3 Rb8 34. Qe5 Rbb7 35. Kg2 Rc8 36. Qd5 Ra7 37. Qc4 Kg8 38. Kf3 Rcc7 39. Ke3
Rab7 40. Kd2 Rb4 41. Qc3 Rc6 42. Kc1 Rc8 43. Kb2 Rb7 44. Ka3 Rd7 45. Qe3 Rdd8
46. a5 Rc6 47. c3 Rc7 48. Ka4 Rcc8 49. b4 Rd1 50. Qe5 Rd2 51. f4 cxb4 52. cxb4
Rcd8 53. a6 Ra2+ 54. Kb5 Ra8 55. Qd6 Ra1 56. Qc6 Rb8+ 57. Qb7 Rd8 58. a7 Kg7
59. Qb8 1-0

[Event "52nd National Challengers (National â€˜Bâ€™) Chess Cha"]
[Site "Indoor Stadium,Dharamshala,Himachal Pradesh,India"]
[Date "2014.05.16"]
[Round "10"]
[Board "9"]
[White "Laxman, R.R."]
[Black "Prince, Bajaj"]
[Result "1/2-1/2"]
[WhiteElo "2450"]
[BlackElo "2318"]
[PlyCount "83"]
[EventDate "2014.05.09"]
[EventRounds "13"]
[EventCountry "IND"]

1. d4 Nf6 2. c4 e6 3. g3 d5 4. Nf3 Bb4+ 5. Bd2 Be7 6. Bg2 O-O 7. O-O c6 8. Bf4
dxc4 9. Ne5 Nd5 10. Nxc4 Nxf4 11. gxf4 Nd7 12. Nc3 Nb6 13. Ne5 f6 14. Nf3 Nd5
15. e3 Bd7 16. Ne4 Be8 17. Nc5 Bxc5 18. dxc5 Bh5 19. Qb3 Bxf3 20. Bxf3 Rf7 21.
Rfd1 f5 22. Kh1 Qe7 23. Rac1 Rd8 24. Qa3 Qh4 25. Rd2 a6 26. Rg1 Rfd7 27. b4 Qh3
28. Bg2 Qh4 29. Qb2 Kf8 30. h3 Nf6 31. Rgd1 Rxd2 32. Rxd2 Rxd2 33. Qxd2 Ne4 34.
Bxe4 Qxh3+ 35. Kg1 fxe4 36. Qd7 Qg4+ 37. Kf1 Qh3+ 38. Ke1 Qh1+ 39. Kd2 Qf1 40.
Qd8+ Kf7 41. Qd7+ Kf6 42. Qd8+ 1/2-1/2

[Event "52nd National Challengers (National â€˜Bâ€™) Chess Cha"]
[Site "Indoor Stadium,Dharamshala,Himachal Pradesh,India"]
[Date "2014.05.16"]
[Round "10"]
[Board "10"]
[White "Murali Krishnan, B.T."]
[Black "Swayams, Mishra"]
[Result "0-1"]
[WhiteElo "2299"]
[BlackElo "2442"]
[PlyCount "54"]
[EventDate "2014.05.09"]
[EventRounds "13"]
[EventCountry "IND"]

1. d4 e6 2. c4 b6 3. Nf3 Bb7 4. Nc3 Bb4 5. Bg5 f6 6. Bd2 f5 7. a3 Bxc3 8. Bxc3
Nf6 9. e3 Ne4 10. Rc1 O-O 11. Be2 d6 12. O-O Nd7 13. Nd2 Qg5 14. Nxe4 fxe4 15.
Bg4 Rae8 16. Bh3 Nf6 17. Qa4 a6 18. Kh1 Re7 19. c5 Qd5 20. cxb6 cxb6 21. Bd2 a5
22. Rc3 Qh5 23. Kg1 g5 24. Qb5 Nd5 25. Rfc1 g4 26. Rc7 Rxc7 27. Rxc7 Qf5 0-1

[Event "52nd National Challengers (National â€˜Bâ€™) Chess Cha"]
[Site "Indoor Stadium,Dharamshala,Himachal Pradesh,India"]
[Date "2014.05.16"]
[Round "10"]
[Board "11"]
[White "Abhishek, A"]
[Black "Rathnakaran, K."]
[Result "1-0"]
[WhiteElo "2123"]
[BlackElo "2397"]
[PlyCount "97"]
[EventDate "2014.05.09"]
[EventRounds "13"]
[EventCountry "IND"]

1. d4 Nf6 2. c4 c5 3. d5 e6 4. Nc3 exd5 5. cxd5 d6 6. Nf3 g6 7. e4 Bg7 8. Be2
O-O 9. O-O a6 10. a4 Nbd7 11. Nd2 Rb8 12. Nc4 Ne8 13. Qc2 f5 14. exf5 gxf5 15.
Bf4 Ne5 16. a5 Ng6 17. Qd2 Nxf4 18. Qxf4 Rf6 19. Bd3 Rg6 20. Bxf5 Bxf5 21. Qxf5
Bxc3 22. bxc3 Qh4 23. Ne3 Ng7 24. Qd7 Nh5 25. Kh1 Nf6 26. Qe6+ Kh8 27. Qxd6
Rbg8 28. Qe5 Re8 29. Qf5 Ne4 30. Qf7 Re7 31. Qf8+ Rg8 32. Qf5 Rg6 33. Qc8+ Rg8
34. Qf5 Ree8 35. d6 Nxd6 36. Qxc5 Rg6 37. Qd4+ Qf6 38. Rad1 Nb5 39. Qxf6+ Rxf6
40. c4 Na7 41. Kg1 Nc6 42. Rd5 Rf7 43. Rb1 Rc7 44. h3 Ne5 45. g4 Kg8 46. Kg2
Kf8 47. Rb6 Nc6 48. Rf5+ Kg7 49. Nd5 1-0

[Event "52nd National Challengers (National â€˜Bâ€™) Chess Cha"]
[Site "Indoor Stadium,Dharamshala,Himachal Pradesh,India"]
[Date "2014.05.16"]
[Round "10"]
[Board "12"]
[White "Debashis, Das"]
[Black "Tiwari, Arjun"]
[Result "1-0"]
[WhiteElo "2501"]
[BlackElo "2301"]
[PlyCount "47"]
[EventDate "2014.05.09"]
[EventRounds "13"]
[EventCountry "IND"]

1. e4 c5 2. Nf3 Nc6 3. d4 cxd4 4. Nxd4 e5 5. Nb5 d6 6. N1c3 a6 7. Na3 b5 8. Nd5
Nf6 9. Bg5 Be7 10. Bxf6 Bxf6 11. c3 Bb7 12. Nc2 Ne7 13. Nxf6+ gxf6 14. Bd3 f5
15. exf5 Bxg2 16. Rg1 Bb7 17. a4 e4 18. Be2 Nxf5 19. axb5 axb5 20. Bxb5+ Kf8
21. Rxa8 Bxa8 22. Qg4 Qf6 23. Nd4 Qh6 24. Nxf5 1-0

[Event "52nd National Challengers (National â€˜Bâ€™) Chess Cha"]
[Site "Indoor Stadium,Dharamshala,Himachal Pradesh,India"]
[Date "2014.05.16"]
[Round "10"]
[Board "13"]
[White "Thejkumar, M. S."]
[Black "Hemant, Sharma (del)"]
[Result "1-0"]
[WhiteElo "2460"]
[BlackElo "2267"]
[PlyCount "89"]
[EventDate "2014.05.09"]
[EventRounds "13"]
[EventCountry "IND"]

1. d4 f5 2. c4 e6 3. Nf3 Nf6 4. Nc3 d5 5. Bf4 c6 6. e3 Bd6 7. Bd3 O-O 8. O-O
Qe7 9. Qc2 Ne4 10. c5 Bc7 11. b4 g5 12. Bxc7 Qxc7 13. Bxe4 fxe4 14. Nxg5 Qg7
15. f4 h6 16. Ngxe4 dxe4 17. Qxe4 Qh7 18. Qe5 Nd7 19. Qxe6+ Kh8 20. Qe4 Qxe4
21. Nxe4 Nf6 22. Nxf6 Rxf6 23. e4 Be6 24. f5 Bc4 25. Rf4 Rf7 26. a3 a5 27. Rc1
Bd3 28. Rc3 Bb1 29. bxa5 Rxa5 30. Kf2 Rb5 31. g4 Rb2+ 32. Kg3 h5 33. h3 hxg4
34. hxg4 Rh7 35. e5 Kg7 36. Rff3 Ba2 37. Kf4 Rh1 38. e6 Rd2 39. Ke5 Rg1 40. Rg3
Rgd1 41. f6+ Kg8 42. Rgf3 Bxe6 43. Kxe6 Rxd4 44. Rce3 Kf8 45. g5 1-0

[Event "52nd National Challengers (National â€˜Bâ€™) Chess Cha"]
[Site "Indoor Stadium,Dharamshala,Himachal Pradesh,India"]
[Date "2014.05.16"]
[Round "10"]
[Board "14"]
[White "Roy Chowdhury, Saptarshi"]
[Black "Patil, Pratik"]
[Result "1-0"]
[WhiteElo "2453"]
[BlackElo "2259"]
[PlyCount "47"]
[EventDate "2014.05.09"]
[EventRounds "13"]
[EventCountry "IND"]

1. e4 e5 2. Nf3 Nc6 3. Bc4 Nf6 4. d3 Be7 5. O-O O-O 6. Bb3 d6 7. c3 Na5 8. Bc2
c5 9. Nbd2 Nc6 10. Re1 Re8 11. Nc4 b5 12. Ne3 d5 13. exd5 Nxd5 14. Nxd5 Qxd5
15. d4 exd4 16. Be4 Qd6 17. Bf4 Qxf4 18. Bxc6 Be6 19. cxd4 Bd6 20. d5 Bg4 21.
Rxe8+ Rxe8 22. Bxe8 Bxf3 23. gxf3 Qh4 24. Kf1 1-0

[Event "52nd National Challengers (National â€˜Bâ€™) Chess Cha"]
[Site "Indoor Stadium,Dharamshala,Himachal Pradesh,India"]
[Date "2014.05.16"]
[Round "10"]
[Board "15"]
[White "Das, Sayantan"]
[Black "Kumaran, B"]
[Result "1/2-1/2"]
[WhiteElo "2373"]
[BlackElo "2294"]
[PlyCount "33"]
[EventDate "2014.05.09"]
[EventRounds "13"]
[EventCountry "IND"]

1. d4 Nf6 2. Bg5 Ne4 3. Bf4 e6 4. f3 Nf6 5. e4 d5 6. Nc3 Bb4 7. e5 Nfd7 8. a3
Bxc3+ 9. bxc3 c5 10. Be3 Qa5 11. Qd2 b6 12. f4 Nc6 13. Nf3 Ba6 14. g3 Rc8 15.
f5 cxd4 16. cxd4 Bxf1 17. Rxf1 1/2-1/2

[Event "52nd National Challengers (National â€˜Bâ€™) Chess Cha"]
[Site "Indoor Stadium,Dharamshala,Himachal Pradesh,India"]
[Date "2014.05.17"]
[Round "11"]
[Board "1"]
[White "Deepan, Chakkravarthy J."]
[Black "Vidit, Santosh Gujrathi"]
[Result "1/2-1/2"]
[WhiteElo "2513"]
[BlackElo "2606"]
[PlyCount "36"]
[EventDate "2014.05.09"]
[EventRounds "13"]
[EventCountry "IND"]

1. e4 c5 2. Nf3 e6 3. g3 Nc6 4. Bg2 Nf6 5. Nc3 d5 6. d3 Be7 7. O-O O-O 8. h3 b6
9. Re1 d4 10. Ne2 e5 11. Nd2 Ba6 12. a4 b5 13. axb5 Bxb5 14. f4 Nd7 15. Kh1 a5
16. Nf3 Bf6 17. c4 dxc3 18. bxc3 Ba6 1/2-1/2

[Event "52nd National Challengers (National â€˜Bâ€™) Chess Cha"]
[Site "Indoor Stadium,Dharamshala,Himachal Pradesh,India"]
[Date "2014.05.17"]
[Round "11"]
[Board "2"]
[White "Swayams, Mishra"]
[Black "Grover, Sahaj"]
[Result "1/2-1/2"]
[WhiteElo "2442"]
[BlackElo "2469"]
[PlyCount "32"]
[EventDate "2014.05.09"]
[EventRounds "13"]
[EventCountry "IND"]

1. d4 Nf6 2. c4 e6 3. Nf3 b6 4. Nc3 Bb4 5. e3 Bb7 6. Bd3 Bxc3+ 7. bxc3 d6 8.
O-O Nbd7 9. Nd2 c5 10. e4 e5 11. d5 Qe7 12. Re1 h5 13. Nf1 h4 14. Bg5 g6 15. h3
Rh5 16. Qc1 Qf8 1/2-1/2

[Event "52nd National Challengers (National â€˜Bâ€™) Chess Cha"]
[Site "Indoor Stadium,Dharamshala,Himachal Pradesh,India"]
[Date "2014.05.17"]
[Round "11"]
[Board "3"]
[White "Sengupta, Deep"]
[Black "Abhishek, A"]
[Result "1-0"]
[WhiteElo "2536"]
[BlackElo "2123"]
[PlyCount "79"]
[EventDate "2014.05.09"]
[EventRounds "13"]
[EventCountry "IND"]

1. d4 g6 2. c4 Bg7 3. Nc3 Nf6 4. e4 d6 5. f3 O-O 6. Be3 Nbd7 7. Nge2 c6 8. Qd2
e5 9. d5 cxd5 10. cxd5 a6 11. g4 b5 12. Ng3 Nc5 13. b4 Na4 14. Nxa4 bxa4 15.
Be2 Ne8 16. h4 Bd7 17. h5 Nc7 18. Kf2 Nb5 19. Rh2 f5 20. gxf5 gxf5 21. h6 Bf6
22. Bxb5 axb5 23. exf5 Kh8 24. Rg1 Bh4 25. Rxh4 Qxh4 26. Bg5 Qc4 27. Be7 Bxf5
28. Bxd6 Bg6 29. Bxf8 Rxf8 30. Kg2 Qf4 31. Qxf4 exf4 32. Ne4 Rd8 33. Rc1 Kg8
34. Rc5 Rb8 35. Rc7 Kf8 36. Ng5 Re8 37. Ne6+ Kg8 38. d6 Rxe6 39. d7 Re2+ 40.
Kg1 1-0

[Event "52nd National Challengers (National â€˜Bâ€™) Chess Cha"]
[Site "Indoor Stadium,Dharamshala,Himachal Pradesh,India"]
[Date "2014.05.17"]
[Round "11"]
[Board "4"]
[White "Karthikeyan, P."]
[Black "Kunte, Abhijit"]
[Result "1/2-1/2"]
[WhiteElo "2380"]
[BlackElo "2484"]
[PlyCount "24"]
[EventDate "2014.05.09"]
[EventRounds "13"]
[EventCountry "IND"]

1. d4 Nf6 2. c4 e6 3. Nf3 b6 4. g3 Bb4+ 5. Bd2 Be7 6. Bg2 c6 7. O-O d5 8. Qc2
O-O 9. Bf4 Nbd7 10. Ne5 Nxe5 11. dxe5 Nd7 12. h4 Ba6 1/2-1/2

[Event "52nd National Challengers (National â€˜Bâ€™) Chess Cha"]
[Site "Indoor Stadium,Dharamshala,Himachal Pradesh,India"]
[Date "2014.05.17"]
[Round "11"]
[Board "5"]
[White "Shyam, Nikil P."]
[Black "Himanshu, Sharma"]
[Result "1-0"]
[WhiteElo "2422"]
[BlackElo "2350"]
[PlyCount "73"]
[EventDate "2014.05.09"]
[EventRounds "13"]
[EventCountry "IND"]

1. e4 c5 2. Nf3 Nc6 3. d4 cxd4 4. Nxd4 e6 5. Nc3 Qc7 6. Be2 a6 7. O-O Nf6 8.
Kh1 Be7 9. f4 d6 10. Be3 O-O 11. Qe1 Nxd4 12. Bxd4 b5 13. a3 Bb7 14. Qg3 Rad8
15. Bd3 Rd7 16. Rae1 Re8 17. Nd1 Qd8 18. Qh3 g6 19. f5 e5 20. Bc3 Nh5 21. Be2
Nf6 22. Bf3 Bf8 23. Qh4 Bg7 24. Nf2 gxf5 25. exf5 e4 26. Nxe4 Bxe4 27. Bxe4
Nxe4 28. Qg4 Nf2+ 29. Rxf2 Rxe1+ 30. Bxe1 Kf8 31. Bd2 Qf6 32. Bc3 Qh6 33. Bd2
Qf6 34. h3 Qd4 35. f6 Qxg4 36. hxg4 Bh8 37. Bh6+ 1-0

[Event "52nd National Challengers (National â€˜Bâ€™) Chess Cha"]
[Site "Indoor Stadium,Dharamshala,Himachal Pradesh,India"]
[Date "2014.05.17"]
[Round "11"]
[Board "6"]
[White "Debashis, Das"]
[Black "Sharma, Dinesh K."]
[Result "1/2-1/2"]
[WhiteElo "2501"]
[BlackElo "2372"]
[PlyCount "124"]
[EventDate "2014.05.09"]
[EventRounds "13"]
[EventCountry "IND"]

1. e4 e6 2. d4 d5 3. Nd2 Be7 4. Ngf3 Nf6 5. e5 Nfd7 6. Bd3 c5 7. c3 Nc6 8. O-O
g5 9. dxc5 g4 10. Nd4 Ndxe5 11. N2b3 Nxd3 12. Qxd3 e5 13. Nxc6 bxc6 14. Bh6 f6
15. Bg7 e4 16. Qe3 Rg8 17. Bh6 a5 18. Rad1 a4 19. Nd4 Bxc5 20. c4 Qd7 21. cxd5
cxd5 22. Rc1 Bb6 23. Rfd1 Kf7 24. Qf4 Bb7 25. Nf5 Rad8 26. Rc2 Qe6 27. Nd4 Qe5
28. Qe3 Rc8 29. Rcd2 Rc4 30. Bf4 Qe7 31. Qg3 Bxd4 32. Rxd4 Rxd4 33. Rxd4 Bc6
34. Qh4 Ke6 35. Rd1 f5 36. Qg3 Rc8 37. Qc3 Qd7 38. h3 gxh3 39. Qxh3 Qg7 40. Qa3
Qe7 41. Qc3 Qf6 42. Qc5 Qf8 43. Qb6 Qd8 44. Qa6 Qd7 45. b4 Qb7 46. Qe2 Qxb4 47.
Qh5 Qe7 48. Qh6+ Qf6 49. Qxh7 Qe7 50. Qh3 Qg7 51. Qe3 Qb2 52. Qc5 Qf6 53. Rb1
Qe7 54. Qb6 Kf7 55. Qa6 Qd7 56. Rb6 d4 57. Qe2 Qe6 58. Ra6 Kg6 59. Ra7 Ra8 60.
Rc7 Rc8 61. Ra7 Ra8 62. Rc7 Rc8 1/2-1/2